| 000 | 00411 a2200145 4500 | ||
|---|---|---|---|
| 005 | 20250403101138.0 | ||
| 020 | _a0 7121 2325 3 | ||
| 082 | _a519. 024 THI | ||
| 100 | _aTHIRKETTLE, G. L. | ||
| 245 | _aWheldon's Business Statistics and Statistical Method | ||
| 250 | _a9th Ed. | ||
| 260 |
_aLondon, _bMacDonald, _c1981. |
||
| 300 |
_aix, 278p.: ill.; figure, graph, map, table. _bIndex. _c22cm. |
||
| 942 |
_2ddc _cBKS |
||
| 999 |
_c1061 _d1061 |
||